| 000 | 00684nam a2200217 a 4500 | ||
|---|---|---|---|
| 003 | PILC | ||
| 005 | 20160301145147.0 | ||
| 008 | 100105s19uu xx 00 eng d | ||
| 020 | _a9780750663502 | ||
| 050 |
_aG 155.A1 _b.C784 2008 |
||
| 100 | _aCooper, Chris. | ||
| 245 |
_aContemporary tourism : _ban international approach / _cChris Cooper, C Michael Hall. |
||
| 260 |
_aAmsterdam : _bElsevier, _c2008. |
||
| 300 |
_a377 pages : _billustrations ; _c25 cm. |
||
| 500 | _aIncludes bibliographical references and index. | ||
| 650 |
_a Tourism _xManagement. |
||
| 650 |
_aToruism _xDeveloping countries. |
||
| 700 | _aHall, C Michael. | ||
| 942 |
_cBK _2lcc _kFOR |
||
| 999 |
_c23835 _d23835 |
||